| 000 | 00370nam a2200145Ia 4500 | ||
|---|---|---|---|
| 008 | 230312s9999||||xx |||||||||||||| ||und|| | ||
| 020 | _a81-8061-612-6 | ||
| 082 |
_a720.19 _bGUP-M |
||
| 100 | _aGupta;Shakti Kumar | ||
| 245 | 0 | _aModern Trends in planning and designing hospital | |
| 260 |
_bJaypee _aUSA _c2007 |
||
| 300 | _a238 | ||
| 650 | _aArchitecture | ||
| 942 | _cBK | ||
| 999 |
_c11823 _d11823 |
||